| 000 | 00388nam a2200145 4500 | ||
|---|---|---|---|
| 999 |
_c8939 _d8939 |
||
| 003 | GBCCL | ||
| 005 | 20241126110702.0 | ||
| 008 | 220203b ||||| |||| 00| 0 eng d | ||
| 040 | _cGBC | ||
| 082 |
_aVER TUA _b1990 |
||
| 245 |
_aTuailai '90 : _btuailaite midangte aa dingin, seminar papers |
||
| 260 |
_aLamka: _bTuailai executive committee _c1990 |
||
| 300 | _a113p. ; | ||
| 942 |
_2ddc _cARCH |
||